00329nam a2200121Ia 4500008004100000041000800041082001600049100002100065245004500086260004100131300002400172365001100196240624s9999 xx 000 0 und d aeng a658.314 MIN aMINCHINTON JERRY aMAXIMUM CONFIDENCE BUILD YOUR SELF ESTEE c2003aMumbaibJaico Publishing House a255 : p. : cm. ; 21 cRSb30